Human rights today: a United Nations priority (Record no. 490762)

000 -LEADER
fixed length control field 00506cam a22001457a 4500
008 - FIXED-LENGTH DATA ELEMENTS--GENERAL INFORMATION
fixed length control field 180718b1998 xxu||||| |||| 00| 0 eng d
020 ## - INTERNATIONAL STANDARD BOOK NUMBER
International Standard Book Number 9211007976
082 ## - DEWEY DECIMAL CLASSIFICATION NUMBER
Classification number C41 H88
245 ## - TITLE STATEMENT
Title Human rights today: a United Nations priority
Statement of responsibility, etc. by Department of Public Information, United Nations
260 ## - PUBLICATION, DISTRIBUTION, ETC.
Place of publication, distribution, etc. New York
Name of publisher, distributor, etc. Department of Public Information, United Nations
Date of publication, distribution, etc. 1998
300 ## - PHYSICAL DESCRIPTION
Extent 74+p
500 ## - GENERAL NOTE
General note UN briefing papers
650 ## - SUBJECT ADDED ENTRY--TOPICAL TERM
Topical term or geographic name entry element Human rights
700 ## - ADDED ENTRY--PERSONAL NAME
Personal name United Nations. Department of Public Information
Holdings
Withdrawn status Lost status Damaged status Not for loan Permanent Location Current Location Date acquired Full call number Barcode Date last seen Price effective from Koha item type
        Indian Institute of Public Administration Indian Institute of Public Administration 2018-08-04 C41 H88 GG24063 2018-08-04 2018-08-04 GG

Powered by Koha